Statistics for Major Cities Closest to Europe

Click here to take the quiz!

General Stats

  • This quiz has been taken 62 times
  • The average score is 14 of 20

Answer Stats

km City mi % Correct
0Istanbul0
98%
710Cairo441
97%
801Damascus498
92%
354Ankara220
90%
761Tel-Aviv473
90%
96Tunis155
88%
252Algiers157
88%
327Casablanca203
88%
717Beirut445
85%
549Alexandria341
85%
253Rabat157
80%
195Baku121
77%
928Baghdad576
72%
663Tehran430
68%
87─░zmir54
68%
858Amman533
67%
87Bursa54
32%
218Yekaterinburg135
32%
778Gaza484
28%
640Adana397
18%

Score Distribution

Percentile by Number Answered

Percent of People with Each Score

Your Score History

You have not taken this quiz